[Event "FRA-ch Blitz Online Qual"]
[Site "Europe Echecs INT"]
[Date "2020.05.16"]
[Round "8"]
[White "Bosc, Frederic"]
[Black "Guillou, Paul"]
[Result "1-0"]
[WhiteElo "1365"]
[BlackElo "1157"]
[PlyCount "95"]
[EventDate "2020.05.16"]
[EventType "swiss (blitz)"]
[EventRounds "15"]
[EventCountry "FRA"]
[SourceTitle "CBM 196 Extra"]
[Source "ChessBase"]
[SourceDate "2020.07.31"]
[SourceVersion "1"]
[SourceVersionDate "2020.07.31"]
[SourceQuality "1"]

1. e4 c5 2. c3 Nc6 3. d4 cxd4 4. cxd4 e6 5. Nf3 d5 6. exd5 exd5 7. Bb5 Bd7 8. Bxc6 Bxc6 9. 0-0 Nf6 10. Nc3 Be7 11. Bf4 0-0 12. Qd2 Qb6 13. a3 Rac8 14. Rab1 Qd8 15. b4 Bd6 16. Bg5 Be7 17. Rfe1 h6 18. Bh4 a6 19. a4 Re8 20. b5 axb5 21. axb5 Bd7 22. Bxf6 Bxf6 23. Nxd5 Rxe1+ 24. Qxe1 Be6 25. Nxf6+ Qxf6 26. Qe5 Qg6 27. Re1 Re8 28. Qg3 Qc2 29. d5 Bd7 30. Rxe8+ Bxe8 31. h3 Bxb5 32. Qb8+ Kh7 33. Qxb7 Qd3 34. Qxf7 Qf1+ 35. Kh2 Qd3 36. Qe6 Bc4 37. Ne5 Qxd5 38. Qxd5 Bxd5 39. f4 Kg8 40. Kg3 Kf8 41. Kf2 Ke7 42. Ke3 Bxg2 43. h4 Ke6 44. Kd4 Bd5 45. Ng6 Ba2 46. Ke3 Bb1 47. Ne5 Kf5 48. Nf3 1-0

[Event "FRA-ch Blitz Online Qual"]
[Site "Europe Echecs INT"]
[Date "2020.05.16"]
[Round "1"]
[White "Guillou, Paul"]
[Black "Vallee, Louis"]
[Result "0-1"]
[WhiteElo "1157"]
[BlackElo "1864"]
[PlyCount "50"]
[EventDate "2020.05.16"]
[EventType "swiss (blitz)"]
[EventRounds "15"]
[EventCountry "FRA"]
[SourceTitle "CBM 196 Extra"]
[Source "ChessBase"]
[SourceDate "2020.07.31"]
[SourceVersion "1"]
[SourceVersionDate "2020.07.31"]
[SourceQuality "1"]

1. d4 d5 2. c4 c6 3. Nc3 Nf6 4. e3 e6 5. Nf3 Nbd7 6. Be2 dxc4 7. Bxc4 b5 8. Be2 Bd6 9. Bd2 0-0 10. a3 Bb7 11. 0-0 Qe7 12. Qc2 a6 13. Bd3 c5 14. Be2 Rac8 15. Rfe1 cxd4 16. exd4 Nd5 17. Bd3 N7f6 18. Qb3 Nxc3 19. Bxc3 Bxf3 20. gxf3 Nd5 21. Bf5 Qh4 22. Bxe6 Qxh2+ 23. Kf1 Nf4 24. Bxf7+ Rxf7 25. Rec1 Qh1# 0-1

[Event "FRA-ch Blitz Online Qual"]
[Site "Europe Echecs INT"]
[Date "2020.05.16"]
[Round "2"]
[White "Sithisak, William"]
[Black "Guillou, Paul"]
[Result "1-0"]
[WhiteElo "1692"]
[BlackElo "1157"]
[PlyCount "85"]
[EventDate "2020.05.16"]
[EventType "swiss (blitz)"]
[EventRounds "15"]
[EventCountry "FRA"]
[SourceTitle "CBM 196 Extra"]
[Source "ChessBase"]
[SourceDate "2020.07.31"]
[SourceVersion "1"]
[SourceVersionDate "2020.07.31"]
[SourceQuality "1"]

1. d4 d5 2. c4 e6 3. Nc3 Nf6 4. cxd5 exd5 5. Bg5 Nbd7 6. e3 c6 7. Bd3 Bb4 8. Nge2 h6 9. Bh4 0-0 10. 0-0 Be7 11. a3 b6 12. b4 Bb7 13. Rc1 Rc8 14. Qd2 Bd6 15. Bg3 Qc7 16. Nb5 Bxg3 17. Nxc7 Bxc7 18. Ng3 Rfe8 19. Rfe1 b5 20. Qc2 Bb6 21. a4 bxa4 22. Qxa4 a5 23. bxa5 Ra8 24. a6 Bc8 25. Qxc6 Ra7 26. Qa4 Nb8 27. Bb5 Rd8 28. e4 dxe4 29. Nxe4 Nxe4 30. Rxe4 Bxa6 31. Bxa6 Rxa6 32. Qc4 Ra7 33. g3 Rc7 34. Qf1 Rcd7 35. Rce1 Nc6 36. Re8+ Rxe8 37. Rxe8+ Kh7 38. Qd3+ g6 39. Qb5 Rxd4 40. Qxb6 Rd1+ 41. Kg2 Nd4 42. Qf6 Nf5 43. Qh8# 1-0